[Event "ROM-ch U10 Girls"]
[Site "Baile Felix"]
[Date "2017.02.08"]
[Round "8"]
[White "Celea, Andreea Alina"]
[Black "Samson, Maria"]
[Result "0-1"]
[WhiteElo "1008"]
[BlackElo "1274"]
[PlyCount "91"]
[EventDate "2017.02.02"]
[EventType "swiss"]
[EventRounds "9"]
[EventCountry "ROU"]
[SourceTitle "CBM 176 Extra"]
[Source "ChessBase"]
[SourceDate "2017.03.02"]
[SourceVersion "1"]
[SourceVersionDate "2017.03.02"]
[SourceQuality "1"]

1. e4 c5 2. Nc3 d6 3. g3 g6 4. Bg2 Bg7 5. d3 e6 6. f4 Ne7 7. Nf3 a6 8. a4 Nbc6 9. 0-0 Qb6 10. Ra3 Bd7 11. Rb3 Qa7 12. Be3 d5 13. Bf2 d4 14. Ne2 0-0 15. h3 Rab8 16. Kh1 b5 17. axb5 axb5 18. Ra3 Qb6 19. e5 Nb4 20. Nd2 Bc6 21. Ne4 Nbd5 22. Qd2 Nf5 23. Re1 Nfe3 24. Ng5 Nxg2 25. Kxg2 Nxf4+ 26. Kh2 Nxe2 27. Qxe2 Ra8 28. Raa1 Rxa1 29. Rxa1 Qb7 30. c3 h6 31. Ne4 Bxe4 32. dxe4 Bxe5 33. cxd4 Bxd4 34. Bxd4 cxd4 35. Re1 Rd8 36. Qd2 Qc6 37. Qxh6 Qc2+ 38. Kg1 d3 39. Qg5 Rd4 40. Qe3 d2 41. Re2 d1Q+ 42. Re1 Qxb2 43. Rf1 Qxf1+ 44. Kxf1 Rd1+ 45. Qe1 Rxe1+ 46. Kxe1 0-1

[Event "ROM-ch U10 Girls"]
[Site "Baile Felix"]
[Date "2017.02.07"]
[Round "7"]
[White "Salajan, Stefania"]
[Black "Samson, Maria"]
[Result "1-0"]
[WhiteElo "1205"]
[BlackElo "1274"]
[PlyCount "57"]
[EventDate "2017.02.02"]
[EventType "swiss"]
[EventRounds "9"]
[EventCountry "ROU"]
[SourceTitle "CBM 176 Extra"]
[Source "ChessBase"]
[SourceDate "2017.03.02"]
[SourceVersion "1"]
[SourceVersionDate "2017.03.02"]
[SourceQuality "1"]

1. e4 c5 2. Nf3 d6 3. Nc3 Nf6 4. g3 e6 5. d4 cxd4 6. Nxd4 Be7 7. Bg2 a6 8. 0-0 0-0 9. Be3 Nbd7 10. Qe2 Nc5 11. b4 Ncd7 12. a3 Qc7 13. Qd2 Rb8 14. f4 b6 15. e5 dxe5 16. Nc6 exf4 17. Bxf4 e5 18. Nxe7+ Kh8 19. Bg5 e4 20. Ncd5 Qd6 21. Bxf6 Nxf6 22. Rad1 Be6 23. Bxe4 Rbd8 24. Rxf6 gxf6 25. Qh6 f5 26. Nf6 Qd4+ 27. Kh1 Qxe4+ 28. Nxe4 Bd5 29. Qf6# 1-0

[Event "ROM-ch U10 Girls"]
[Site "Baile Felix"]
[Date "2017.02.06"]
[Round "6"]
[White "Samson, Maria"]
[Black "Maria, Lia Alexandra"]
[Result "0-1"]
[WhiteElo "1274"]
[BlackElo "1387"]
[PlyCount "108"]
[EventDate "2017.02.02"]
[EventType "swiss"]
[EventRounds "9"]
[EventCountry "ROU"]
[SourceTitle "CBM 176 Extra"]
[Source "ChessBase"]
[SourceDate "2017.03.02"]
[SourceVersion "1"]
[SourceVersionDate "2017.03.02"]
[SourceQuality "1"]

1. d4 Nf6 2. Nf3 c5 3. Bf4 d6 4. Nc3 cxd4 5. Nb1 g6 6. Bg5 Bg7 7. Nxd4 Qa5+ 8. Bd2 Qb6 9. Bc3 0-0 10. Nf3 Nc6 11. e3 a6 12. Bd3 Qc7 13. Nbd2 Re8 14. h3 b5 15. a3 e5 16. e4 Rb8 17. Qe2 Qb7 18. Bb4 Rd8 19. Nb3 h6 20. 0-0 Be6 21. a4 Bxb3 22. cxb3 Nxb4 23. Bb1 bxa4 24. bxa4 Nc6 25. Bd3 a5 26. Bb5 Na7 27. Bd3 Nh5 28. g3 Qb6 29. Kh2 Nc6 30. Bb5 Na7 31. Bd3 Nf6 32. Rab1 Nd7 33. Bc4 Nc5 34. Qd2 Nxe4 35. Qd5 Qb7 36. Qxb7 Rxb7 37. Bd3 Rb4 38. b3 Nf6 39. Bc4 d5 40. Be2 e4 41. Nd2 Nc6 42. Bb5 Nd4 43. Ba6 Rdb8 44. Rfd1 Nxb3 45. Nxb3 Rxb3 46. Rxb3 Rxb3 47. Bb5 d4 48. Kg2 d3 49. Rd2 Rc3 50. Rd1 Nd5 51. Kf1 Bd4 52. Ke1 Rc2 53. Bxd3 Bxf2+ 54. Kf1 Ne3# 0-1

[Event "ROM-ch U08 Girls"]
[Site "Calimanesti Caciulata"]
[Date "2016.04.23"]
[Round "7"]
[White "Cioara, Maria"]
[Black "Samson, Maria"]
[Result "0-1"]
[WhiteElo "1064"]
[BlackElo "1117"]
[PlyCount "70"]
[EventDate "2016.04.18"]
[EventType "swiss"]
[EventRounds "9"]
[EventCountry "ROU"]
[SourceTitle "CBM 172 Extra"]
[Source "ChessBase"]
[SourceDate "2016.06.21"]
[SourceVersion "1"]
[SourceVersionDate "2016.06.21"]
[SourceQuality "1"]

1. e4 c5 2. d4 cxd4 3. c3 dxc3 4. Nxc3 Nc6 5. Nf3 d6 6. Bc4 Nf6 7. Bg5 e6 8. 0-0 Be7 9. Qd2 0-0 10. h3 a6 11. a4 b6 12. Bh6 gxh6 13. Qxh6 Re8 14. Rfd1 Bf8 15. Qg5+ Bg7 16. e5 Nd7 17. Qg3 Ndxe5 18. Ng5 Nxc4 19. Rab1 N4e5 20. f4 Ng6 21. f5 exf5 22. Rxd6 Qc7 23. Nxf7 Qxf7 24. Rxc6 Be5 25. Qg5 Bd4+ 26. Kh2 Bb7 27. Rxg6+ Qxg6 28. Qd2 Bxc3 29. bxc3 Re7 30. c4 Rae8 31. Rb3 Re2 32. Qxe2 Rxe2 33. Rg3 Rxg2+ 34. Kh1 Qxg3 35. c5 Rh2# 0-1

[Event "ROM-ch U08 Girls"]
[Site "Calimanesti Caciulata"]
[Date "2016.04.22"]
[Round "6"]
[White "Samson, Maria"]
[Black "Maria, Lia Alexandra"]
[Result "0-1"]
[WhiteElo "1117"]
[BlackElo "1337"]
[PlyCount "208"]
[EventDate "2016.04.18"]
[EventType "swiss"]
[EventRounds "9"]
[EventCountry "ROU"]
[SourceTitle "CBM 172 Extra"]
[Source "ChessBase"]
[SourceDate "2016.06.21"]
[SourceVersion "1"]
[SourceVersionDate "2016.06.21"]
[SourceQuality "1"]

1. d4 d5 2. Nf3 c5 3. e3 cxd4 4. exd4 Nc6 5. Bd3 Nf6 6. Nbd2 Bg4 7. Qe2 Nxd4 8. Qe3 Nxf3+ 9. Nxf3 e6 10. 0-0 Bd6 11. Re1 0-0 12. Ne5 Bh5 13. Qh3 Qc7 14. Bg5 Bxe5 15. Bxf6 Bxf6 16. Qxh5 g6 17. Qf3 Bxb2 18. Rab1 Bc3 19. Re2 Be5 20. h3 Bg7 21. g4 Qa5 22. Rxb7 Qxa2 23. h4 Qa1+ 24. Kg2 Qf6 25. Qh3 e5 26. Rb1 e4 27. Bb5 a6 28. Ba4 Qd4 29. Bb3 a5 30. Qe3 Qxe3 31. Rxe3 Rfd8 32. Rd1 d4 33. Rxe4 a4 34. Ba2 a3 35. Rf4 Ra7 36. c3 d3 37. c4 d2 38. Rf3 Bf8 39. Rc3 Rc7 40. Re3 Rb7 41. Rb3 Rc7 42. Rf3 Rc5 43. Re3 Rc6 44. Re2 Bb4 45. Re3 Kg7 46. Rf3 Rc5 47. Re3 Rd4 48. Kg3 h6 49. Rf3 Re5 50. Re3 Rde4 51. Kf3 Rxe3+ 52. fxe3 Bc5 53. Rxd2 Rxe3+ 54. Kf4 Re6 55. Rd5 Be3+ 56. Kf3 Ba7 57. Ra5 Re3+ 58. Kf4 Bb6 59. Ra6 Bc5 60. Ra5 Re2 61. Rxc5 Rxa2 62. Ra5 Ra1 63. Kf3 a2 64. Kg2 Rc1 65. Rxa2 Rxc4 66. Kg3 Rc5 67. Ra7 h5 68. g5 Rc4 69. Ra6 Rg4+ 70. Kh3 Re4 71. Ra3 f5 72. Ra7+ Kf8 73. Ra8+ Re8 74. Rxe8+ Kxe8 75. Kg2 Ke7 76. Kf3 Ke6 77. Kf4 Kd5 78. Kf3 Ke5 79. Ke3 f4+ 80. Kf3 Kf5 81. Kg2 Kg4 82. Kf2 Kxh4 83. Kf3 Kxg5 84. Kf2 Kf5 85. Kf3 g5 86. Kf2 g4 87. Ke2 h4 88. Kd3 h3 89. Kd4 h2 90. Kd5 h1Q+ 91. Kd4 Qe1 92. Kd5 Qe4+ 93. Kd6 Kf6 94. Kc5 Qd3 95. Kb4 Qc2 96. Kb5 Qc3 97. Kb6 Qc4 98. Kb7 Qc5 99. Kb8 Qc6 100. Ka7 Qb5 101. Ka8 Ke7 102. Ka7 Kd7 103. Ka8 Kc7 104. Ka7 Qb7# 0-1

[Event "ROM-ch U08 Girls"]
[Site "Calimanesti"]
[Date "2015.04.04"]
[Round "7"]
[White "Pap, Blanca Maria"]
[Black "Samson, Maria"]
[Result "0-1"]
[WhiteElo "1055"]
[BlackElo "1001"]
[PlyCount "124"]
[EventDate "2015.03.30"]
[EventType "swiss"]
[EventRounds "9"]
[EventCountry "ROU"]
[SourceTitle "CBM 165 Extra"]
[Source "ChessBase"]
[SourceDate "2015.04.21"]
[SourceVersion "1"]
[SourceVersionDate "2015.04.21"]
[SourceQuality "1"]

1. e4 c5 2. Nf3 e6 3. d4 cxd4 4. Nxd4 Nf6 5. Nc3 a6 6. Bg5 d6 7. f4 e5 8. fxe5 dxe5 9. Nb3 Bd6 10. Be2 Nc6 11. Qd2 Qd7 12. 0-0-0 Bb4 13. a3 Qxd2+ 14. Rxd2 Bxc3 15. bxc3 Nxe4 16. Rd5 Nxg5 17. Na5 Be6 18. Rc5 Ne4 19. Rxc6 bxc6 20. Nxc6 Nxc3 21. Re1 Nxe2+ 22. Rxe2 Kd7 23. Nxe5+ Ke7 24. Nc6+ Kd6 25. Nb4 Rhc8 26. Rd2+ Ke7 27. Re2 a5 28. Nd5+ Kf8 29. Nb6 Bc4 30. Re1 Re8 31. Rxe8+ Rxe8 32. Nxc4 Re2 33. Nxa5 Rxg2 34. c4 Rxh2 35. c5 Re2 36. c6 Re8 37. Nb7 Rc8 38. Na5 Ke7 39. Kd2 Kd6 40. Nb7+ Kc7 41. a4 Kxc6 42. Na5+ Kb6 43. Nb3 h5 44. a5+ Ka6 45. Ke3 f5 46. Kf4 Rc3 47. Nd4 Rc4 48. Ke3 h4 49. Nxf5 h3 50. Ng3 Kxa5 51. Kf2 Kb4 52. Kg1 Rc2 53. Kh1 Kc3 54. Kg1 Kd3 55. Nh1 Ke3 56. Ng3 Kf3 57. Nh1 g5 58. Nf2 Rxf2 59. Kh1 Ra2 60. Kg1 Kg3 61. Kf1 h2 62. Ke1 h1Q# 0-1